| 000 | 00489nam a2200193Ia 4500 | ||
|---|---|---|---|
| 008 | 170918s9999 xx 000 0 und d | ||
| 020 | _a9780439755399 | ||
| 050 | _bD716 2000 | ||
| 100 | _aDorros, Arthur | ||
| 245 | 4 | _aThe fungus that ate my school / | |
| 245 | _cArthur Dorros ; illustrated by David Catrow. | ||
| 260 | _aNew York : | ||
| 260 | _bScholastic, | ||
| 260 | _c2000 | ||
| 300 | _aunpaged : | ||
| 300 | _bcolored illustration ; | ||
| 300 | _c26cm. | ||
| 500 | _a260 | ||
| 999 |
_c341032 _d341032 |
||